header

Administration solutions for DB2 UDB for z/OS (Record no. 211103)

MARC details
000 -LEADER
fixed length control field 01557nam a2200361Ia 4500
082 04 - DEWEY DECIMAL CLASSIFICATION NUMBER
Classification number 005.75/65
245 00 - TITLE STATEMENT
Title Administration solutions for DB2 UDB for z/OS
250 ## - EDITION STATEMENT
Edition statement 1st ed.
260 ## - PUBLICATION, DISTRIBUTION, ETC. (IMPRINT)
Place of publication San Jose, CA :
Name of publisher IBM Corp., International Technical Support Organization,
Year of publication c2005.
300 ## - PHYSICAL DESCRIPTION
Number of Pages xxiv, 325 p. :
Other physical details ill.
490 1# - SERIES STATEMENT
Series statement Redbooks
500 ## - GENERAL NOTE
General note This edition applies to: IBM DB2 DB/Workbench V6.1, DB/Quickchange V6.1, DB/Quickcompare V6.1, DB/SMU V6.1, Administration tool for z/OS V5.1, Object restore tool for z/OS v2.1, Object comparison tool for z/OS V3.1, and Automation tool for z/OS V2.2.
General note "April 2005."
650 #0 - SUBJECT ADDED ENTRY--TOPICAL TERM
Topical Term Database management.
700 1# - ADDED ENTRY--PERSONAL NAME
Personal name Bruni, Paolo.4aut.
856 40 - ELECTRONIC LOCATION AND ACCESS
Uniform Resource Identifier http://site.ebrary.com/lib/rucke/Doc?id=10112607

No items available.

© 2026 Rongo University
Contact us: librarian | system librarian | Rongo university